00630nam a2200205 i 450000100060000000300090000600500170001500700030003200800410003508000100007610000190008624501020010526000580020730000220026549000350028765000340032271000120035683000350036885200210040363804ES-MaACL20230906164955.0t|031217s1954 fr ||||1| spa d a396.91 aFigueroa, Ana.13aLa mujer ciudadana : bsugestiones para la educación cívica de la mujer / cpor Ana Figueroa. a[París] : bUnesco, c[1954] (eBasilea : fV.S.K.) a110 p. ; c21 cm.1 aProblemas de educación ; v8 4aMujeres-xSituación social.2 aUnesco.1 aProblemas de educación ; v84 aES-MaACLjC-9602